[Event "Titled Tuesday intern op 21st April"]
[Site "Chess.com INT"]
[Date "2020.04.21"]
[Round "2"]
[White "Aramil, William J"]
[Black "Halkias, Stelios"]
[Result "0-1"]
[WhiteElo "2180"]
[BlackElo "2563"]
[PlyCount "128"]
[EventDate "2020.04.21"]
[EventType "swiss (blitz)"]
[EventRounds "10"]
[EventCountry "USA"]
[SourceTitle "EXT 2021"]
[Source "ChessBase"]
[SourceDate "2020.10.23"]
[SourceVersion "1"]
[SourceVersionDate "2020.10.23"]
[SourceQuality "1"]

1. g3 Nf6 2. Bg2 d5 3. e3 e6 4. Ne2 c5 5. 0-0 Nc6 6. b3 Be7 7. Bb2 0-0 8. d4 b6 9. Nd2 Bb7 10. Re1 Rc8 11. c3 Re8 12. Rc1 e5 13. h3 cxd4 14. exd4 e4 15. Nf1 Bd6 16. Ne3 Qd7 17. a3 h5 18. c4 h4 19. g4 Ne7 20. Nc3 Bf4 21. Rc2 Ng6 22. Ncxd5 Nxd5 23. cxd5 Bxe3 24. fxe3 Bxd5 25. Rf2 Rc6 26. Ref1 Rec8 27. g5 Qe6 28. b4 Qe7 29. Qh5 Rc2 30. Qg4 R8c6 31. b5 Rxf2 32. Rxf2 Rc7 33. a4 Qb4 34. Bxe4 Qe1+ 35. Kg2 Be6 36. Qf3 Re7 37. d5 Bd7 38. Bd4 Rxe4 39. Qxe4 Bxh3+ 40. Kxh3 Qxf2 41. Qe8+ Kh7 42. Qb8 Qf3+ 43. Kh2 Qf2+ 44. Kh1 Ne7 45. Qh2 Qf1+ 46. Qg1 Qh3+ 47. Qh2 Qf3+ 48. Qg2 Qd1+ 49. Kh2 Nf5 50. d6 Nxd6 51. g6+ fxg6 52. Be5 Nf5 53. Bf4 Qh5 54. Qf2 g5 55. Be5 Qg4 56. Bc3 Nh6 57. Qf8 Qg3+ 58. Kh1 Qh3+ 59. Kg1 Nf5 60. e4 Qe3+ 61. Kf1 Qf3+ 62. Ke1 Qxc3+ 63. Kd1 Qd3+ 64. Kc1 Qxe4 0-1

[Event "Titled Tuesday intern op 21st April"]
[Site "Chess.com INT"]
[Date "2020.04.21"]
[Round "9"]
[White "Hoffmann, Asa"]
[Black "Aramil, William J"]
[Result "1-0"]
[WhiteElo "2185"]
[BlackElo "2180"]
[PlyCount "67"]
[EventDate "2020.04.21"]
[EventType "swiss (blitz)"]
[EventRounds "10"]
[EventCountry "USA"]
[SourceTitle "EXT 2021"]
[Source "ChessBase"]
[SourceDate "2020.10.23"]
[SourceVersion "1"]
[SourceVersionDate "2020.10.23"]
[SourceQuality "1"]

1. d4 Nf6 2. Bg5 Ne4 3. Bf4 d5 4. f3 Nd6 5. Nc3 c6 6. e4 Be6 7. Bd3 g6 8. Nge2 Bg7 9. Qd2 Nd7 10. 0-0 dxe4 11. fxe4 Nb6 12. b3 0-0 13. Bh6 a5 14. Bxg7 Kxg7 15. a4 Bg4 16. Nf4 Qc7 17. h3 Bd7 18. Rae1 Rad8 19. Qf2 f6 20. e5 fxe5 21. dxe5 Nf5 22. e6 Bc8 23. Bxf5 Rxf5 24. Qg3 Qd6 25. Ne4 Qd4+ 26. Kh1 Rdf8 27. Qh4 Qe5 28. Ng5 Rxg5 29. Rxe5 Rxe5 30. Qxe7+ Kg8 31. g3 Rxe6 32. Nxe6 Rxf1+ 33. Kg2 Bxe6 34. Kxf1 1-0

[Event "Foxwoods op 13th"]
[Site "Ledyard"]
[Date "2019.04.20"]
[Round "6"]
[White "Wofford, Matthew R"]
[Black "Aramil, William J"]
[Result "0-1"]
[WhiteElo "1996"]
[BlackElo "2201"]
[PlyCount "108"]
[EventDate "2019.04.17"]
[EventType "swiss"]
[EventRounds "9"]
[EventCountry "USA"]
[SourceTitle "CBM 189 Extra"]
[Source "ChessBase"]
[SourceDate "2019.06.03"]
[SourceVersion "1"]
[SourceVersionDate "2019.06.03"]
[SourceQuality "1"]

1. e4 d6 2. d4 Nf6 3. Nc3 e5 4. dxe5 dxe5 5. Qxd8+ Kxd8 6. Nf3 Bd6 7. Bg5 Be6 8. 0-0-0 Ke7 9. Be2 Nbd7 10. h3 c6 11. Ne1 b5 12. Nd3 h6 13. Bxf6+ gxf6 14. b3 a5 15. g3 Nb6 16. f4 a4 17. Kd2 b4 18. Nb1 c5 19. f5 c4 20. fxe6 cxd3 21. Bxd3 fxe6 22. Ke2 Bc5 23. Nd2 Bd4 24. Rhf1 Nd7 25. Rf3 h5 26. Rdf1 Rh6 27. Nc4 axb3 28. axb3 Rg6 29. Ne3 Nf8 30. g4 hxg4 31. hxg4 Rh6 32. Bb5 Nh7 33. R3f2 Ng5 34. Bd3 Rh3 35. Nd1 Bxf2 36. Nxf2 Rh2 37. Ke3 Nh3 38. Nd1 Nf4 39. Bb5 Rxc2 40. Rh1 Ra3 41. Rh7+ Kf8 42. Ba4 Raa2 43. Bb5 Kg8 44. Rh1 Ra3 45. Ba4 Re2+ 46. Kf3 Ra1 47. g5 fxg5 48. Rg1 Kf7 49. Bb5 Rd2 50. Rxg5 Raxd1 51. Rxe5 Ng6 52. Rc5 Kf6 53. Ke3 Rb2 54. Ba4 Ne5 0-1

[Event "Philadelphia op"]
[Site "Philadelphia"]
[Date "2011.04.20"]
[Round "1"]
[White "Aramil, William J"]
[Black "Amanov, Mesgen"]
[Result "1/2-1/2"]
[WhiteElo "2277"]
[BlackElo "2495"]
[PlyCount "151"]
[EventDate "2011.04.20"]
[EventType "swiss"]
[EventRounds "9"]
[EventCountry "USA"]
[SourceTitle "CBM 141 Extra"]
[Source "ChessBase"]
[SourceDate "2011.05.03"]
[SourceVersion "1"]
[SourceVersionDate "2011.05.03"]
[SourceQuality "1"]

1. d4 d5 2. c4 c6 3. Nf3 Nf6 4. e3 Bf5 5. Qb3 Qb6 6. Nc3 e6 7. Nh4 Qxb3 8. axb3 Bc2 9. c5 Bxb3 10. Bd3 Nbd7 11. Nf3 Bc4 12. Bxc4 dxc4 13. 0-0 Be7 14. Bd2 0-0 15. Ra4 b5 16. cxb6 Nxb6 17. Ra6 c5 18. Rfa1 cxd4 19. exd4 Bb4 20. Rxa7 Rxa7 21. Rxa7 Bxc3 22. Bxc3 Ne4 23. Nd2 Nxd2 24. Bxd2 Nd5 25. Ra4 Rc8 26. g3 h5 27. Bb4 Kh7 28. Bc5 c3 29. bxc3 Nxc3 30. Ra5 Rb8 31. Bd6 Rb1+ 32. Kg2 Kg6 33. Re5 Rb2 34. Bc5 Rc2 35. Kf1 Nd1 36. Re2 Rxe2 37. Kxe2 Nb2 38. Bd6 Kf5 39. f3 Nc4 40. Bf8 g5 41. Kd3 Nb6 42. h3 Nd5 43. Bd6 Kg6 44. Ke4 Nf6+ 45. Ke3 Nd7 46. Be7 f6 47. Bd8 Nb8 48. Bc7 Nc6 49. Bd6 Kf7 50. Ke4 f5+ 51. Ke3 Na7 52. Bc7 Nb5 53. Bd8 Kg6 54. h4 gxh4 55. Bxh4 Kf7 56. Bd8 Nc3 57. Kf2 Kg6 58. Bc7 Nd5 59. Be5 Kg5 60. Bd6 f4 61. gxf4+ Nxf4 62. Ke3 Nd5+ 63. Ke4 h4 64. Bh2 Kf6 65. Be5+ Kf7 66. Bh2 h3 67. Ke5 Ne3 68. Bg1 Ke7 69. Ke4 Nf5 70. Kf4 Nxd4 71. Kg4 Kd6 72. f4 Kd5 73. Kxh3 Ne2 74. Bh2 Ke4 75. Kg4 Nd4 76. Bg1 1/2-1/2

[Event "Philadelphia op"]
[Site "Philadelphia"]
[Date "2010.04.01"]
[Round "2"]
[White "Aramil, William J"]
[Black "Ivanov, Alexander"]
[Result "1/2-1/2"]
[WhiteElo "2258"]
[BlackElo "2534"]
[PlyCount "47"]
[EventDate "2010.03.31"]
[EventType "swiss"]
[EventRounds "9"]
[EventCountry "USA"]
[SourceTitle "CBM 135 Extra"]
[Source "ChessBase"]
[SourceDate "2010.05.04"]
[SourceVersion "1"]
[SourceVersionDate "2010.05.04"]
[SourceQuality "1"]

1. d4 g6 2. Nf3 Bg7 3. g3 c5 4. d5 d6 5. Bg2 b5 6. 0-0 Nf6 7. a4 b4 8. c4 bxc3 9. Nxc3 0-0 10. h3 Nbd7 11. e4 Rb8 12. Re1 Ba6 13. Nb5 Bxb5 14. axb5 Rb7 15. Bf1 Ne8 16. Nd2 Nc7 17. Nb3 Nxb5 18. Na5 Rb6 19. Nc6 Qe8 20. Bxb5 Rxb5 21. Rxa7 Ne5 22. Rxe7 Qa8 23. Ra7 Qe8 24. Re7 1/2-1/2

[Event "World op 35th"]
[Site "Philadelphia"]
[Date "2007.07.02"]
[Round "5"]
[White "Aramil, William J"]
[Black "Fedorowicz, John P"]
[Result "1/2-1/2"]
[WhiteElo "2222"]
[BlackElo "2457"]
[PlyCount "45"]
[EventDate "2007.06.30"]
[EventType "swiss"]
[EventRounds "9"]
[EventCountry "USA"]
[SourceTitle "CBM 119 Extra"]
[Source "ChessBase"]
[SourceDate "2007.09.04"]
[SourceVersion "1"]
[SourceVersionDate "2007.09.04"]
[SourceQuality "1"]

1. d4 Nf6 2. Nf3 e6 3. c4 b6 4. g3 Ba6 5. b3 Bb4+ 6. Bd2 Be7 7. Bg2 Bb7 8. 0-0 0-0 9. Nc3 Na6 10. Re1 d5 11. cxd5 exd5 12. Ne5 c5 13. e3 Nc7 14. dxc5 bxc5 15. Rc1 Ne6 16. Na4 Rc8 17. Bc3 Ba8 18. Bb2 Qd6 19. Qe2 Rfd8 20. Red1 Qb8 21. h4 Bf8 22. Qf3 Qb4 23. Nd3 1/2-1/2

[Event "World op 34th"]
[Site "Philadelphia"]
[Date "2006.07.03"]
[Round "6"]
[White "Aramil, William J"]
[Black "Weatherly, Daryll A"]
[Result "1/2-1/2"]
[WhiteElo "2215"]
[BlackElo "2088"]
[PlyCount "102"]
[EventDate "2006.06.28"]
[EventType "swiss"]
[EventRounds "9"]
[EventCountry "USA"]
[SourceTitle "CBM 112 Extra"]
[Source "ChessBase"]
[SourceDate "2006.07.14"]
[SourceVersion "1"]
[SourceVersionDate "2006.07.14"]
[SourceQuality "1"]

1. d4 Nf6 2. c4 e6 3. Nc3 Bb4 4. Qc2 c5 5. dxc5 Na6 6. a3 Bxc3+ 7. Qxc3 Nxc5 8. f3 a5 9. e4 a4 10. Be3 b6 11. Rd1 0-0 12. e5 Ne8 13. Nh3 Bb7 14. Be2 f6 15. exf6 Nxf6 16. 0-0 Qe7 17. Qb4 Rfb8 18. Bf4 e5 19. Bg3 d6 20. Rfe1 Bc6 21. Bf1 Nh5 22. Bf2 Qc7 23. Re2 Rf8 24. Qd2 Rad8 25. Qg5 Nf6 26. Bxc5 bxc5 27. Qh4 h6 28. Red2 Rfe8 29. Nf2 Qe7 30. Bd3 Qe6 31. Bg6 Rf8 32. Bc2 Rfe8 33. Ne4 Nxe4 34. Bxe4 Bxe4 35. Qxe4 Re7 36. Rd5 Red7 37. f4 Qg4 38. Rf1 Rf8 39. Rd3 Rxf4 40. Rxf4 Qxf4 41. Qa8+ Kh7 42. Qxa4 Rf7 43. Rf3 Qc1+ 44. Kf2 Qxb2+ 45. Kg3 Rxf3+ 46. gxf3 Qc1 47. Qa8 Qf4+ 48. Kg2 Kg6 49. a4 Qd2+ 50. Kg3 Qe1+ 51. Kg2 Qe2+ 1/2-1/2

[Event "World op 34th"]
[Site "Philadelphia"]
[Date "2006.06.28"]
[Round "1"]
[White "Antic, Dejan"]
[Black "Aramil, William J"]
[Result "0-1"]
[WhiteElo "2491"]
[BlackElo "2215"]
[PlyCount "39"]
[EventDate "2006.06.28"]
[EventType "swiss"]
[EventRounds "9"]
[EventCountry "USA"]
[SourceTitle "CBM 112 Extra"]
[Source "ChessBase"]
[SourceDate "2006.07.14"]
[SourceVersion "1"]
[SourceVersionDate "2006.07.14"]
[SourceQuality "1"]

1. d4 Nf6 2. c4 g6 3. Nc3 Bg7 4. e4 d6 5. Nf3 0-0 6. Be2 e5 7. 0-0 Nc6 8. d5 Ne7 9. b4 a5 10. bxa5 Rxa5 11. a4 Nd7 12. Ba3 Bh6 13. Nd2 Ra8 14. Re1 f5 15. Bf1 Nf6 16. c5 Kh8 17. Nc4 Ne8 18. a5 f4 19. cxd6 cxd6 20. Na4 0-1

[Event "Las Vegas National op"]
[Site "Las Vegas"]
[Date "2006.06.17"]
[Round "4"]
[White "Ippolito, Dean"]
[Black "Aramil, William J"]
[Result "1-0"]
[WhiteElo "2413"]
[BlackElo "2215"]
[PlyCount "61"]
[EventDate "2006.06.16"]
[EventType "swiss"]
[EventRounds "6"]
[EventCountry "USA"]
[SourceTitle "CBM 112 Extra"]
[Source "ChessBase"]
[SourceDate "2006.07.14"]
[SourceVersion "1"]
[SourceVersionDate "2006.07.14"]
[SourceQuality "1"]

1. d4 Nf6 2. c4 g6 3. Nf3 Bg7 4. g3 0-0 5. Bg2 d6 6. 0-0 Nbd7 7. Nc3 e5 8. e4 exd4 9. Nxd4 Re8 10. h3 a6 11. Re1 Rb8 12. Be3 c5 13. Nc2 b5 14. Qxd6 bxc4 15. Na3 Rxb2 16. Nxc4 Rb4 17. Qd3 Qe7 18. f4 Rd8 19. Rad1 Bb7 20. e5 Ne8 21. Bxb7 Rxb7 22. Na5 c4 23. Qd5 Rc7 24. Nc6 Rxc6 25. Qxc6 Nf8 26. Nd5 Qa3 27. Qc5 Qxc5 28. Bxc5 Rb8 29. Rb1 Ra8 30. Red1 Ne6 31. Bb6 1-0

[Event "Las Vegas Masters"]
[Site "Las Vegas"]
[Date "2006.06.14"]
[Round "9"]
[White "Boor, Carl Brandon"]
[Black "Aramil, William J"]
[Result "0-1"]
[WhiteElo "2233"]
[BlackElo "2215"]
[PlyCount "34"]
[EventDate "2006.06.10"]
[EventType "swiss"]
[EventRounds "9"]
[EventCountry "USA"]
[SourceTitle "CBM 112 Extra"]
[Source "ChessBase"]
[SourceDate "2006.07.14"]
[SourceVersion "1"]
[SourceVersionDate "2006.07.14"]
[SourceQuality "1"]

1. e4 c5 2. b4 cxb4 3. a3 d5 4. exd5 Qxd5 5. Bb2 e5 6. axb4 Bxb4 7. c4 Qe6 8. Nf3 Nc6 9. Bd3 Nf6 10. 0-0 0-0 11. Re1 Qd6 12. Qb3 Bg4 13. Bxe5 Nxe5 14. Nxe5 Rae8 15. f4 Qd4+ 16. Kh1 Qxa1 17. Qxb4 Qd4 0-1

[Event "Las Vegas Masters"]
[Site "Las Vegas"]
[Date "2006.06.12"]
[Round "6"]
[White "Allen, Edward J"]
[Black "Aramil, William J"]
[Result "0-1"]
[WhiteElo "2196"]
[BlackElo "2215"]
[PlyCount "64"]
[EventDate "2006.06.10"]
[EventType "swiss"]
[EventRounds "9"]
[EventCountry "USA"]
[SourceTitle "CBM 112 Extra"]
[Source "ChessBase"]
[SourceDate "2006.07.14"]
[SourceVersion "1"]
[SourceVersionDate "2006.07.14"]
[SourceQuality "1"]

1. e4 c5 2. Nf3 d6 3. d4 cxd4 4. Nxd4 Nf6 5. Nc3 g6 6. Be3 Bg7 7. f3 Nc6 8. Qd2 Bd7 9. Bc4 0-0 10. h4 a5 11. a4 h5 12. Bb3 Rc8 13. 0-0-0 Ne5 14. Kb1 Qc7 15. Ncb5 Bxb5 16. Nxb5 Qd8 17. Bh6 Rc5 18. Bxg7 Kxg7 19. Rhe1 Qb6 20. f4 Neg4 21. Qd4 e5 22. fxe5 dxe5 23. Qd6 Rc6 24. Qe7 Nf2 25. Bd5 Nxd1 26. Rxd1 Qc5 27. Qxc5 Rxc5 28. Bxb7 Rb8 29. Bd5 Rd8 30. Nc3 Ng4 31. Rf1 f5 32. Be6 f4 0-1

[Event "Las Vegas Masters"]
[Site "Las Vegas"]
[Date "2006.06.10"]
[Round "1"]
[White "Aramil, William J"]
[Black "Almeida Saenz, Alfonso"]
[Result "0-1"]
[WhiteElo "2215"]
[BlackElo "2400"]
[PlyCount "67"]
[EventDate "2006.06.10"]
[EventType "swiss"]
[EventRounds "9"]
[EventCountry "USA"]
[SourceTitle "CBM 112 Extra"]
[Source "ChessBase"]
[SourceDate "2006.07.14"]
[SourceVersion "1"]
[SourceVersionDate "2006.07.14"]
[SourceQuality "1"]

1. d4 d5 2. c4 c6 3. Nf3 Nf6 4. Nc3 e6 5. e3 Nbd7 6. Qc2 a6 7. Bd2 Bd6 8. g4 Nxg4 9. Rg1 h5 10. h3 f5 11. cxd5 cxd5 12. hxg4 hxg4 13. e4 dxe4 14. Ng5 Nf8 15. 0-0-0 Bd7 16. Ngxe4 fxe4 17. Qxe4 Qc7 18. Kb1 0-0-0 19. Rc1 Kb8 20. Bg2 Qb6 21. Be3 g3 22. fxg3 Qb4 23. a3 Qb3 24. Bf4 Bxf4 25. Qxf4+ Ka7 26. Qg5 Rc8 27. Qxg7 Rh2 28. d5 Qb6 29. Rcd1 exd5 30. Qd4 Rc5 31. Nxd5 Bf5+ 32. Ka1 Rc1+ 33. Ka2 Qxd4 34. Rxd4 0-1

[Event "World op 32nd"]
[Site "Philadelphia"]
[Date "2004.07.06"]
[Round "9"]
[White "Aramil, William J"]
[Black "Fang, Joseph"]
[Result "0-1"]
[WhiteElo "2223"]
[BlackElo "2319"]
[PlyCount "88"]
[EventDate "2004.07.01"]
[EventType "swiss"]
[EventRounds "9"]
[EventCountry "USA"]
[SourceTitle "CBM 101 Extra"]
[Source "ChessBase"]
[SourceDate "2004.09.01"]
[SourceVersion "2"]
[SourceVersionDate "2004.09.01"]
[SourceQuality "1"]

1. e4 c6 2. c4 d5 3. exd5 cxd5 4. cxd5 Nf6 5. Nc3 Nxd5 6. Nf3 Nxc3 7. bxc3 g6 8. d4 Bg7 9. Bd3 0-0 10. 0-0 Nc6 11. Re1 Qc7 12. Ba3 Rd8 13. Bc4 e6 14. Rc1 b6 15. d5 Na5 16. Bb5 Nc4 17. Bxc4 Qxc4 18. d6 Bb7 19. Qd2 Qg4 20. h3 Qa4 21. Qb2 Bxf3 22. gxf3 Qf4 23. Qe2 Qa4 24. Qb2 Rac8 25. Re4 Qc6 26. Qd2 Bf8 27. Rd4 Rd7 28. c4 Qxf3 29. Rd3 Qf5 30. Rc2 Rc6 31. Qc3 Bg7 32. Qb3 Qa5 33. Bb4 Qa6 34. c5 bxc5 35. Bxc5 h5 36. Qb8+ Rc8 37. Ra3 Qc6 38. Qb3 Rb7 39. Qf3 Qxf3 40. Rxf3 Rd7 41. Ra3 Bf8 42. Rcc3 Bxd6 43. Bd4 Rxc3 44. Rxc3 Bh2+ 0-1

[Event "American op 38th"]
[Site "Los Angeles"]
[Date "2002.12.01"]
[Round "8"]
[White "Aramil, William J"]
[Black "Milicevic, Dragoljub"]
[Result "0-1"]
[WhiteElo "2255"]
[BlackElo "2240"]
[PlyCount "78"]
[EventDate "2002.11.28"]
[EventType "swiss"]
[EventRounds "8"]
[EventCountry "USA"]
[SourceTitle "CBM 091 Extra"]
[Source "ChessBase"]
[SourceDate "2003.01.09"]
[SourceVersion "1"]
[SourceVersionDate "2003.01.09"]
[SourceQuality "1"]

1. e4 d6 2. d4 g6 3. Nf3 Bg7 4. Bc4 c6 5. Nc3 Nf6 6. Bb3 0-0 7. h3 b5 8. a3 a6 9. Be3 d5 10. exd5 cxd5 11. Ne5 Bb7 12. f4 e6 13. Qe2 Nc6 14. 0-0-0 Na5 15. g4 Rc8 16. Ba2 Rxc3 17. bxc3 Ne4 18. Qe1 Qd6 19. Kb2 Rc8 20. c4 Nxc4+ 21. Bxc4 dxc4 22. Ra1 f6 23. c3 fxe5 24. fxe5 Qe7 25. h4 Bd5 26. g5 a5 27. h5 gxh5 28. Rxh5 Qf7 29. Qh4 Qg6 30. Rg1 Nxc3 31. Kxc3 Qd3+ 32. Kb2 Qb3+ 33. Ka1 Qxa3+ 34. Kb1 Qxe3 35. Qh2 c3 36. Qh1 c2+ 37. Kb2 Qxd4+ 38. Kc1 Qe3+ 39. Kb2 c1Q+ 0-1

[Event "Chicago op 11th"]
[Site "Chicago"]
[Date "2002.05.27"]
[Round "6"]
[White "Kudrin, Sergey"]
[Black "Aramil, William J"]
[Result "1-0"]
[WhiteElo "2540"]
[BlackElo "2166"]
[PlyCount "51"]
[EventDate "2002.05.24"]
[EventType "swiss"]
[EventRounds "7"]
[EventCountry "USA"]
[SourceTitle "CBM 088 Extra"]
[Source "ChessBase"]
[SourceDate "2002.07.01"]
[SourceVersion "2"]
[SourceVersionDate "2002.07.01"]
[SourceQuality "1"]

1. e4 c5 2. Nf3 d6 3. d4 cxd4 4. Nxd4 Nf6 5. Nc3 g6 6. Be3 Bg7 7. f3 0-0 8. Qd2 Nc6 9. Bc4 Bd7 10. 0-0-0 Qa5 11. h4 Ne5 12. Bb3 Rfc8 13. g4 b5 14. h5 b4 15. Nce2 Nc4 16. Bxc4 Rxc4 17. Kb1 Rac8 18. hxg6 fxg6 19. Nf4 Rxd4 20. Bxd4 e5 21. g5 Ne8 22. Qh2 exf4 23. Qxh7+ Kf7 24. Bxg7 Nxg7 25. Rxd6 Be6 26. Rxe6 1-0